01026 2200289 4500001002100000005001500021035002500036007000300061008004100064020002200105040001700127041000800144082001900152084002100171090002500192090002200217110005600239245017700295260004700472300005700519651003300576710004900609850001200658999002200670990002200692990002200714INLIS00000000003547220191204085733 a0010-041800000000652ta180410s2017 yoia g ind d a978-602-1392-47-8 aYOPDYOGbind0 aind04223a338.959827 a338.959827 YOG i aDEP 338.959827 YOG i aCB-D.11 2017-22911 aYogyakarta (Daerah Istimewa). Badan Pusat Statistik1 aIndeks pembangunan manusia Daerah Istimewa Yogyakarta 2016 /cnaskah, Bidang Neraca Wilayah dan Analisis Statistik; penyunting, Bidang Neraca Wilayah dan Analisis Statistik aYogyakarta :bBadan Pusat Statistik,c2017 axvi, 64 halaman :bilustrasi, tabel, grafik ;c25 cm 4aIndonesia--xKeadaan ekonomi2 aBidang Neraca Wilayah dan Analisis Statistik aYOPDYOG aCB-D.11/2017-2291 aCB-D.11/2017-2291 aCB-D.11/2017-2291